| 000 | 00435nam a2200157 i 4500 | ||
|---|---|---|---|
| 001 | bg | ||
| 245 | 0 |
_aEstymacja modeli ekonometrycznych : _bpraca zbiorowa / _cpod red. nauk. Stanisławy Bartosiewicz. |
|
| 260 |
_aWarszawa, _c1990. |
||
| 650 | 9 | _aEkonometria | |
| 700 | 1 |
_aBartosiewicz, Stanisława. _eRed. |
|
| 040 | _cBPK | ||
| 041 | _apol | ||
| 080 | _a330.115:519.86 | ||
| 942 | _cKS | ||
| 008 | s pl f |000 0 pol | ||
| 999 |
_c29090 _d29090 |
||
| 856 |
_uhttp://koha.tu.koszalin.pl/cgi-bin/koha/opac-detail.pl?biblionumber=29090 _yKatalog online BPK |
||